| 000 | 00759nam a2200241 4500 | ||
|---|---|---|---|
| 001 | 112883 | ||
| 003 | ES-MaACL | ||
| 005 | 20230906185704.0 | ||
| 007 | t| | ||
| 008 | 061121s1986 xxu r ||||1| eng d | ||
| 020 | _a0-19-872112-9 | ||
| 080 | _a930.85(37/38) | ||
| 245 | 0 | 4 |
_aThe Oxford history of the classical world / _cedited by John Boardmen, Jasper Griffin, Oswyn Murray. |
| 260 |
_aOxford ; New York : _bOxford University Press, _c1986. |
||
| 300 |
_aVII, 882 p. lám. : _bil ; _c26 cm. |
||
| 500 | _aIndice. | ||
| 504 | _aBibliografía. | ||
| 650 | 4 |
_aCivilización clásica. _9139535 |
|
| 700 | 1 |
_aBoardman, John. _929630 |
|
| 700 | 1 |
_aGriffin, Jasper. _959996 |
|
| 700 | 1 |
_aMurray, Oswyn. _984645 |
|
| 852 |
_aES-MaACL _jL-10223 _bR.112198 |
||
| 999 |
_c112883 _d112883 |
||